000
00265nam a22001217a 4500
008
181005b xxu||||| |||| 00| 0 eng d
041
_a
eng
080
_a
201
100
_a
24
101
_a
TEO
245
_a
Reason, Ridicule and Religion
_c
Thames
942
_2
udc
_c
BK
999
_c
48874
_d
48874